Administrative Units of Slovenia With a Map - Statistics

General Stats
  • This quiz has been taken 4,228 times
  • The average score is 25 of 58
Answers on the Map
Answers color-coded by a green-red scale on the quiz's map according to % correct below.
 
Answer Stats
Unit % Correct
Ljubljana
96%
Koper
74%
Maribor
72%
Celje
66%
Kranj
62%
Nova Gorica
61%
Izola
60%
Piran
60%
Novo Mesto
57%
Jesenice
53%
Ptuj
53%
Murska Sobota
52%
Postojna
51%
Ilirska Bistrica
49%
Ajdovščina
48%
Sežana
48%
Tolmin
47%
Krško
46%
Lendava
45%
Idrija
44%
Domžale
43%
Kamnik
43%
Kočevje
42%
Slovenska Bistrica
42%
Velenje
42%
Črnomelj
41%
Logatec
41%
Škofja Loka
41%
Slovenj Gradec
41%
Laško
40%
Metlika
40%
Vrhnika
40%
Brežice
39%
Dravograd
39%
Trbovlje
39%
Cerknica
38%
Grosuplje
38%
Litija
37%
Radovljica
37%
Ribnica
37%
Ljutomer
36%
Tržič
35%
Hrastnik
34%
Ormož
34%
Zagorje ob Savi
34%
Ravne na Koroškem
33%
Trebnje
33%
Gornja Radgona
32%
Lenart
32%
Šentjur
32%
Sevnica
32%
Slovenske Konjice
32%
Žalec
32%
Ruše
31%
Mozirje
27%
Radlje ob Dravi
27%
Šmarje pri Jelšah
27%
Pesnica
25%
No matching quizzes found
Score Distribution
Percent of People with Each Score
Percentile by Number Answered
Your Score History
You have not taken this quiz